[Event "RSA-ch U20"]
[Site "Cape Town"]
[Date "2019.12.09"]
[Round "4"]
[White "Vundla, Mthandazo"]
[Black "De Jager, Luan"]
[Result "0-1"]
[WhiteElo "1732"]
[BlackElo "1870"]
[PlyCount "152"]
[EventDate "2019.12.07"]
[EventType "tourn"]
[EventRounds "11"]
[EventCountry "RSA"]
[SourceTitle "CBM 193 Extra"]
[Source "ChessBase"]
[SourceDate "2020.01.31"]
[SourceVersion "1"]
[SourceVersionDate "2020.01.31"]
[SourceQuality "1"]

1. e4 c5 2. Nf3 Nc6 3. d4 cxd4 4. c3 d5 5. exd5 Qxd5 6. cxd4 e6 7. Nc3 Qd8 8. Bd3 Nf6 9. 0-0 Be7 10. Qa4 0-0 11. Rd1 Nb4 12. Bb1 a6 13. a3 Nbd5 14. Bg5 Nxc3 15. bxc3 b5 16. Qc2 g6 17. c4 bxc4 18. Qxc4 Bb7 19. Qe2 Nd5 20. Qd2 Bxg5 21. Nxg5 Nc3 22. Re1 Nb5 23. Be4 Rb8 24. Nf3 Qf6 25. Bxb7 Rxb7 26. a4 Nc7 27. Ne5 Nd5 28. Rac1 Qf4 29. Qd3 Rb2 30. Nf3 a5 31. Rc5 Nb4 32. Qa3 Rc2 33. Rxa5 Nc6 34. Qd3 Rc1 35. Rc5 Rxe1+ 36. Nxe1 Nxd4 37. a5 Qd6 38. Rc1 Qe5 39. Rd1 Rd8 40. Kh1 Qxa5 41. Qe4 Nf5 42. Rb1 Qd2 43. Kg1 Nd4 44. h3 Ne2+ 45. Kh2 Nc3 46. Qb4 Nxb1 47. Qxb1 Qxf2 48. Nf3 Qc5 49. Qb2 Qd6+ 50. Kh1 Rb8 51. Qc2 Ra8 52. Qb2 Qa3 53. Qc2 Qa2 54. Qc6 Qd5 55. Qc3 Qd1+ 56. Kh2 Qd6+ 57. Kh1 Rb8 58. Qc2 e5 59. Nd2 Rd8 60. Nc4 Qd1+ 61. Qxd1 Rxd1+ 62. Kh2 f6 63. Kg3 Kf7 64. Kf3 Ke6 65. Ke3 f5 66. g3 Rc1 67. Nd2 Rc3+ 68. Kf2 Rc2 69. Ke3 f4+ 70. gxf4 exf4+ 71. Kd3 Rxd2+ 72. Kxd2 Ke5 73. Ke2 Ke4 74. Kf2 g5 75. Ke2 h5 76. Kf2 g4 0-1